Economic and medical evaluation of health care technologies /

Bibliographic Details
Other Authors: Culyer, A. J. (Anthony J.), Horisberger, Bruno
Format: Book
Language:English
Published: Berlin ; New York : Springer-Verlag, 1983.
Subjects:

MARC

Tag First Indicator Second Indicator Subfields
LEADER 00000cam a2200000 a 4500
001 in00000034109
005 20151007055212.0
008 840228s1983 wb a b 10100 eng
010 |a  84125117  
020 |a 0387129871 (U.S.) 
035 |a (OCoLC)12555227 
035 |9 AAB7559AM 
040 |a DLC  |c DLC  |d m/c  |d TXA  |d UtOrBLW 
049 |a TXAM  |c [A12595173] 
050 0 0 |a R855.2  |b .E26 1983 
082 0 |a 362.1/072  |2 19 
245 0 0 |a Economic and medical evaluation of health care technologies /  |c edited by A.J. Culyer and B. Horisberger. 
264 1 |a Berlin ;  |a New York :  |b Springer-Verlag,  |c 1983. 
300 |a xxvi, 405 pages :  |b illustrations ;  |c 25 cm. 
336 |a text  |b txt  |2 rdacontent 
337 |a unmediated  |b n  |2 rdamedia 
338 |a volume  |b nc  |2 rdacarrier 
500 |a "Symposium April 1982, Wolfsberg, Switzerland"--Title page verso. 
504 |a Includes bibliographical references and indexes. 
650 0 |a Medical care  |x Evaluation  |x Congresses. 
650 0 |a Medical care  |x Cost effectiveness  |v Congresses. 
650 0 |a Medical technology  |x Case studies  |x Congresses. 
700 1 |a Culyer, A. J.  |q (Anthony J.) 
700 1 |a Horisberger, Bruno. 
999 |a MARS 
999 f f |s de29e09e-6ccd-387e-87de-2e22d949e1a4  |i 324b63ed-3c13-3e59-b2a2-29bd9b03361b  |t 0 
952 f f |p ric  |a Texas A&M University  |b Rellis Campus  |c Joint Library Facility  |d Remote Storage  |t 0  |e R855.2 .E26 1983  |h Library of Congress classification  |i unmediated -- volume  |m A14812595173 
998 f f |a R855.2 .E26 1983  |t 0  |l Remote Storage